|
|
|
|
| LEADER |
00000cam a2200000 a 4500 |
| 003 |
Ucuenca |
| 005 |
20231212063223.0 |
| 008 |
986101|1971 mx |||||r|||||||||||spa|| |
| 040 |
|
|
|b spa
|
| 041 |
1 |
|
|a spa
|
| 082 |
0 |
|
|a 301
|
| 100 |
1 |
|
|a Caso, Antonio.
|d 1883-1946
|9 11836
|
| 245 |
|
|
|a Sociología
|c Antonio Caso
|h imp
|
| 250 |
|
|
|a 3a ed.
|
| 264 |
|
|
|a México
|b Limusa
|c 1971
|
| 300 |
|
|
|a 395 páginas:
|c 20 cm
|
| 504 |
|
|
|a incl. ref.
|
| 505 |
|
|
|a La sociología y las ciencias conexas.-- La sociología y la historia.-- Filosofía y sociología.-- Las formas y los factores de la sociedad
|
| 650 |
|
4 |
|a Sociología
|9 183
|
| 650 |
|
|
|a Filosofia y sociologia
|9 219512
|
| 650 |
|
|
|a Sociologia e historia
|9 219513
|
| 650 |
|
|
|a Sociogeografia
|9 219514
|
| 650 |
|
|
|a Antroposociologia
|9 219515
|
| 852 |
|
|
|a UC-CDJBV
|f Compra
|l 1
|m General
|p 19861013
|q 400,00
|r 2
|t 101827
|b 0
|d CDRC
|e CDRC
|g 301 ESTANTERIA CERRADA
|z 1986-61-01
|
| 942 |
|
|
|c BK
|2 ddc
|z esthela.durán@ucuenca.edu.ec
|
| 999 |
|
|
|c 153675
|d 153675
|